• 首页
  • 本馆介绍
  • 公告通知
  • 最新文献
  • 馆藏检索
  • 电子资源
  • 读者导购
  • 参考咨询
  • 我的图书馆
  • 登录
  • 详细信息显示
  • 放入我的书架
  • 预约/预借图书
  • 作者相关作品
  • 分类相关作品
  • 丛书相关作品
  • 出版社相关作品

书目信息

  • 表格格式
  • 工作单格式
  • 卡片格式
题名:
会计信息系统
    
 
作者: 薛云奎 , 饶艳超 编著
分册:  
出版信息: 上海   复旦大学出版社  2005
页数: 405页
开本: 25cm
丛书名: 复旦博学
单 册:
中图分类: F232
科图分类:
主题词: 商用计算机--信息系统--高等学校--教材 , 商用计算机 , 信息系统
电子资源:
ISBN: 7-309-04795-8
000 00972oam2 2200289 450
001 012007834335
005 20070516165737.39
010    @a7-309-04795-8@dCNY38.00
100    @a20070427d2005 km y0chiy0120 ea
101 0  @achi
102    @aCN@b310000
105    @aa z 000yy
106    @ar
200 1  @a会计信息系统@Akuai ji xin xi xi tong@f薛云奎,饶艳超编著@Fxue yun kui,rao yan chao bian zhu
210    @a上海@c复旦大学出版社@d2005
215    @a405页@c图@d25cm
225 2  @a复旦博学@i21世纪高等院校会计专业主干课系列
330    @a本书内容包括:信息系统和企业管理、会计信息系统的概念框架、业务循环子系统、信息技术基础知识等,内容翔实,针对性强.
462  1 @12001 @a21世纪高等院校会计专业主干课系列
606 0  @a商用计算机@x信息系统@x高等学校@j教材
606 0  @a商用计算机
606 0  @a信息系统
690    @aF232@v4
701  0 @a薛云奎@Axue yun kui@4编著
701  0 @a饶艳超@Arao yan chao@4编著
801  0 @aCN@bRULIN@c20070516
905    @dF232@e235@s5
    
    会计信息系统/薛云奎,饶艳超编著.-上海:复旦大学出版社,2005
    405页:图;25cm.-(复旦博学.21世纪高等院校会计专业主干课系列)
    
    
    ISBN 7-309-04795-8:CNY38.00
    本书内容包括:信息系统和企业管理、会计信息系统的概念框架、业务循环子系统、信息技术基础知识等,内容翔实,针对性强.
●
相关链接 在E读中查询图书 在五车中查询图书 在当当中查询图书 在豆瓣中查询图书


正题名:会计信息系统     索取号:F232/235         预约/预借

序号 登录号 条形码 馆藏地/架位号 状态 备注
1 0571623   205716233   第一样本阅览室/ [索取号:F232/235] 在馆    
2 0571624   205716242   第一借阅区/ [索取号:F232/235] 在馆    
3 0571625   205716251   第一借阅区/ [索取号:F232/235] 在馆    
4 0571626   205716260   第一借阅区/ [索取号:F232/235] 在馆    
5 0571627   205716279   第一借阅区/ [索取号:F232/235] 在馆    
唐山师范学院图书馆 欢迎您!
大连网信软件有限公司© 版权所有